Do all road lead to jerusalem ? : (Record no. 104576)

MARC details
000 -LEADER
fixed length control field 00736nam a22002177a 4500
005 - DATE AND TIME OF LATEST TRANSACTION
control field 20161110155840.0
010 ## - LCCN (DPL NO)
LC control number ENG-116498
020 ## - INTERNATIONAL STANDARD BOOK NUMBER
International Standard Book Number 9789350980613
Terms of availability 595.00
035 ## - SYSTEM CONTROL NUMBER
System control number EN-100030
037 ## - SOURCE OF ACQUISITION
Source of stock number/acquisition DBAD/PUB
082 ## - DEWEY DECIMAL CLASSIFICATION NUMBER
Classification number 201.7
100 ## - MAIN ENTRY--PERSONAL NAME
Personal name Balagangadhara,S.N.
245 ## - TITLE STATEMENT
Title Do all road lead to jerusalem ? :
Statement of responsibility, etc by S.N. Balagangadhara [and] Divya Jhingran
Remainder of title the making of Indian religions /
250 ## - EDITION STATEMENT
Edition statement ext. rev. ed.
260 ## - PUBLICATION, DISTRIBUTION, ETC. (IMPRINT)
Place of publication, distribution, etc New Delhi
Name of publisher, distributor, etc Manohar Publisher & Distributors
Date of publication, distribution, etc 2015
270 ## - ADDRESS
Address 4753/23 Ansari Road,Daryaganj
City New Delhi
Postal code 110002
300 ## - PHYSICAL DESCRIPTION
Extent 466p.
Dimensions 22cm (Hb)
500 ## - GENERAL NOTE
General note Includes bibliographical references and index
700 ## - ADDED ENTRY--PERSONAL NAME
Personal name Jhingran, Divya
942 ## - ADDED ENTRY ELEMENTS (KOHA)
Source of classification or shelving scheme Dewey Decimal Classification
Item type English Books
Classification part 201.7
Call number suffix BAL
Holdings
Withdrawn status Lost status Not for loan Collection code Home library Current library Date acquired Source of acquisition Cost, normal purchase price Full call number Barcode Copy number Cost, replacement price Koha item type
    Not For Loan Non-fiction D.B.Act.Division Bawana 10/11/2016 DBAD/PUB 595.00 201.7 BAL EN-100030 1 595.00 English Books

© Delhi Public Library
Hit Counter
free hit counter